000 00544nam a2200193Ia 4500
003 GCL
008 140319s9999 xx 000 0 ara d
040 _aGCL /
_cGCL
082 0 4 _a272.18
_bم د
100 1 _aمنيس عبد النور
245 1 0 _aدراسة فى كولوسى ,ط2 /
_cمنيس عبد النور
260 _a[S.N] :
_bدار الثقافة المسيحية ،
_c1979
300 _a156
490 _a
650 0 4 _aالانجيل
650 0 4 _aالكتاب المقدس
650 0 4 _aالمسيح
942 _2ddc
_cBK
999 _c52815
_d52815